Mixed Word: All 5 Words Quiz Stats

 Plays Quiz Updated Feb 4, 2012

Support Sporcle.
Go Orange.
Score 0/25 Timer 04:00
0 Plays Today
% Correct
SALE
98%
SEAL
94.1%
POOLS
89.3%
LOOPS
85.7%
LEAS
85.1%
SPOOL
84.3%
TAKES
82%
LASE
81.5%
SKATE
80.4%
STEAK
80%
SLOOP
78.2%
STAKE
77.6%
ALES
76.5%
% Correct
TEAKS
68.4%
POLOS
65.9%
THREADS
43.1%
PLAYERS
28.3%
DEARTHS
21.8%
REPLAYS
18.8%
PARSLEY
14.2%
TRASHED
11.2%
SPARELY
9.5%
PARLEYS
8.6%
HATREDS
8.2%
HARDEST
6.1%

From the Vault

Big 4 Team Name Pattern Pairs

by puckett86

Sports 5m
We're starting to see a pattern here.
Remove Ads.
Support Sporcle.
Get the best of Sporcle when you Go Orange. This ad-free experience offers more features, more stats, and more fun while also helping to support Sporcle. Thank you for becoming a member.

Show Comments

Extras

Top Quizzes Today


Score Distribution

Your Account Isn't Verified!

In order to create a playlist on Sporcle, you need to verify the email address you used during registration. Go to your Sporcle Settings to finish the process.

Report this User

Report this user for behavior that violates our Community Guidelines.

Details: